000 00646nam a2200217Ia 4500
003 GCL
008 140319s9999 xx 000 0 eng d
040 _aGCL /
_cGCL
082 0 4 _aREF
_b004.030
_bR E
100 1 _aPETER COLLIN PUBLISHING
_vJt. author
_@
…ؤلف مشارك
245 1 0 _aENCYCLOPEDIA OF COMPUTER SCIENCE, 3nd ed /
_cPETER COLLIN PUBLISHING
700 1 _aMODGETTS,RICHARD
700 1 _aLAROUSSE
260 _a[S.N] :
_bMACDONALD ،
_c1993
300 _a1558 P
650 0 4 _aQUALITY CONTROL
650 0 4 _aHARDWARE
650 0 4 _aMATHEMATICS
650 0 4 _aENCYCLOPEDIAS AND DICTIONARIES
942 _2ddc
_cBK
999 _c21978
_d21978